EL HERALDO DE NAVIDAD 2012 (Registro nro. 68607)
[ vista simple ]
| 000 -CABECERA | |
|---|---|
| campo de control de longitud fija | 00775nam a22002177a 4500 |
| 003 - IDENTIFICADOR DEL NÚMERO DE CONTROL | |
| campo de control | BPGM |
| 008 - DATOS DE LONGITUD FIJA--INFORMACIÓN GENERAL | |
| campo de control de longitud fija | 260613e2012 mx acebg |||| 001 0 spa d |
| 040 ## - FUENTE DE LA CATALOGACIÓN | |
| Lengua de catalogación | spa |
| 041 ## - CÓDIGO DE LENGUA | |
| Código de lengua del texto/banda sonora o título independiente | spa |
| Código de lengua original | spa |
| 082 04 - NÚMERO DE LA CLASIFICACIÓN DECIMAL DEWEY | |
| Número de edición | 000 |
| Número de clasificación | 027 |
| 245 ## - MENCIÓN DE TÍTULO | |
| Título | EL HERALDO DE NAVIDAD 2012 |
| 250 ## - MENCIÓN DE EDICIÓN | |
| Mención de edición | PRIMERA EDICIÓN |
| Resto de la mención de edición | 2012 |
| 260 ## - PUBLICACIÓN, DISTRIBUCIÓN, ETC. | |
| Lugar de publicación, distribución, etc. | MÉXICO |
| Nombre del editor, distribuidor, etc. | PATRONATO DE LAS FOESTAS DEL ESTADO DE QUERETARO |
| Fecha de publicación, distribución, etc. | 2012 |
| 300 ## - DESCRIPCIÓN FÍSICA | |
| Extensión | 317 páginas |
| Otras características físicas | 22.8 cm x 30 cm |
| 336 ## - TIPO DE CONTENIDO | |
| Fuente | rdacontent |
| Término de tipo de contenido | texto |
| Código de tipo de contenido | txt |
| 337 ## - TIPO DE MEDIO | |
| Fuente | rdamedia |
| Nombre/término del tipo de medio | sin mediación |
| Código del tipo de medio | n |
| 338 ## - TIPO DE SOPORTE | |
| Fuente | rdacarrier |
| Nombre/término del tipo de soporte | volumen |
| Código del tipo de soporte | nc |
| 505 ## - NOTA DE CONTENIDO CON FORMATO | |
| Nota de contenido con formato | que reúne artículos literarios, históricos, científicos y artísticos, con el objetivo de preservar y difundir la identidad queretana durante las fiestas decembrinas. |
| 650 ## - PUNTO DE ACCESO ADICIONAL DE MATERIA--TÉRMINO DE MATERIA | |
| Fuente del encabezamiento o término | GENERALIDADES |
| 942 ## - ELEMENTOS DE PUNTO DE ACCESO ADICIONAL (KOHA) | |
| Fuente del sistema de clasificación o colocación | Dewey Decimal Classification |
| Tipo de ítem Koha | Colección Querétaro |
| Estado de retiro | Estado de pérdida | Fuente del sistema de clasificación o colocación | Estado dañado | No para préstamo | Código de colección | Localización permanente | Ubicación/localización actual | Ubicación en estantería | Fecha de adquisición | Fuente de adquisición | Total de préstamos | Signatura topográfica completa | Fecha visto por última vez | Número de copia | Precio válido a partir de | Tipo de ítem Koha |
|---|---|---|---|---|---|---|---|---|---|---|---|---|---|---|---|---|
| Dewey Decimal Classification | Préstamo en Sala | Colecciones Especiales (Quéretaro, IQM, Idiomas, SEP, Inea.) | BIBLIOTECA PÚBLICA CENTRAL ESTATAL “FRANCISCO CERVANTES” | BIBLIOTECA PÚBLICA CENTRAL ESTATAL “FRANCISCO CERVANTES” | ACCESO "B" PLANTA ALTA SALA QUERÉTARO | 06/13/2026 | DONACIÓN | 000 /027 | 06/13/2026 | EJ 1 | 06/13/2026 | Colección Querétaro | ||||
| Dewey Decimal Classification | Préstamo en Sala | Colecciones Especiales (Quéretaro, IQM, Idiomas, SEP, Inea.) | BIBLIOTECA PÚBLICA CENTRAL ESTATAL “FRANCISCO CERVANTES” | BIBLIOTECA PÚBLICA CENTRAL ESTATAL “FRANCISCO CERVANTES” | ACCESO "B" PLANTA ALTA SALA QUERÉTARO | 06/13/2026 | DONACIÓN | 000 /027 | 06/13/2026 | EJ 2 | 06/13/2026 | Colección Querétaro | ||||
| Dewey Decimal Classification | Préstamo en Sala | Colecciones Especiales (Quéretaro, IQM, Idiomas, SEP, Inea.) | BIBLIOTECA PÚBLICA CENTRAL ESTATAL “FRANCISCO CERVANTES” | BIBLIOTECA PÚBLICA CENTRAL ESTATAL “FRANCISCO CERVANTES” | ACCESO "B" PLANTA ALTA SALA QUERÉTARO | 06/13/2026 | DONACIÓN | 000 /027 | 06/13/2026 | EJ 3 | 06/13/2026 | Colección Querétaro | ||||
| Dewey Decimal Classification | Préstamo en Sala | Colecciones Especiales (Quéretaro, IQM, Idiomas, SEP, Inea.) | BIBLIOTECA PÚBLICA CENTRAL ESTATAL “FRANCISCO CERVANTES” | BIBLIOTECA PÚBLICA CENTRAL ESTATAL “FRANCISCO CERVANTES” | ACCESO "B" PLANTA ALTA SALA QUERÉTARO | 06/13/2026 | DONACIÓN | 000 /027 | 06/13/2026 | EJ 4 | 06/13/2026 | Colección Querétaro |